1648 1028 1927 1317 1653 1548 1136 1343 1470 1885 1164 1073 1619 1485 1558 1717 1804 1188 1743 1860 1382 1866 1915 1413 1195 1009 1057 1837 1317 1358 1504 1080 1821 1037 1774 1960 1305 1674 1034 1604 1384 1590 1696 1117 1747 1887 1551 1559 1235 1936 1495 1164 1721 1019 1925 1985 1237 1750 2000 1946 1343 1999 1800 1266 1154 1043 1097 1449 1045 1572 1092 1279 1131 1262 1896 1878 1039 1132 1433 1874 1601 1236 1125 1516 1153 1141 1645 1576 1449 1907 1044 1583 1661 1923 1114 1683 1713 1414 1604 BCNSPRNW ULIB Ver.6.0+V

เปลี่ยนเป็นภาษาไทย

Change to English
 แสดงรายละเอียดบรรณานุกรม
  กลับหน้าหลัก

Brief Record : Get Marc (ISO 2709) : E-mail record : QR code < ปิดหน้าต่าง
LEADER : 00000nam 2200000uu 4500
001    13399108769
003     ULIB
008    110221s2552||||th 000 0 tha d
020    9789745985490
060 04 W13^bศ336ว
245 00 ศัพท์:ห้าวัย และสุขภาพ(ทารก เด็ก วัยรุ่น ผู้ใหญ่และผู้สูงอายุ)=^bVocabulary in five ages health (Infant child teenage adult and golden age)/^cบรรณาธิการ,วรุณวรรณ ผาโคตร, สิรนาถ นุชนาถ
246 31 Vocabulary in five ages health (Infant child teenage adult and golden age)
250    พิมพ์ครั้งที่ 1
260    กรุงเทพ :^bบริษัทเค.เอส.พี.การพิมพ์จำกัด;^c2552
300    273 หน้า
650  2 Medical sciences^xDictionaries.
650  7 วิทยาศาสตร์การแพทย์^vพจนานุกรม
650  7 สาธารณสุข^vพจนานุกรม
700 0  สิรนาถ นุชนาถ,^eบรรณาธิการ
945    ^p199^l0^i027307
945    ^p199^l0^i027306
945    ^p199^l0^i027305
945    ^p199^l0^i031319
945    ^p199^l0^i031320
945    ^p199^l0^i031321
995    ทศพร
999 ^a ใช้งานได้ทุกระบบ
รายการนี้ยังไม่มีแท็ก
คุณยังไม่ได้ล็อกอิน คุณสามารถมีกิจกรรมร่วมกับเว็บไซต์ได้ แต่ต้องล็อกอินก่อน ::
  ล็อกอิน

รายการสื่อสารสนเทศ

ลำดับที่ ประเภท เลขเรียก/บาร์โค้ด สถานที่ สถานะ
- ไม่พบข้อมูล -

BibComment


ยังไม่เคยถูกคอมเมนท์

คอมเมนท์ทรัพยากรรายการนี้
  คอมเมนท์: ศัพท์ห้าวัย และสุ..


 Copyright 2026. Bcnsprnw @Library